000 00665nam a2200157 i 4500
001 163771
003 ES-MaACL
005 20230906212816.0
008 050719s1901 sp | |||||||| ||spa d
040 _aCAM
_bspa
_cCAM
100 1 _aRodríguez de Viguri y Seoane, Luis.
_9131934
245 1 3 _aLa comerciabilidad de los inmuebles
_b: observaciones sobre la trasmisibilidad de las cosas : memoria leída ... /
_cpor Luis Rodríguez y Viguri.
260 _aSantiago :
_b[s.n.],
_c1901 (
_fImp. y enc. del Seminario C. Central)
300 _a58 p. ;
_c19 cm.
852 _aES-MaACL
_jT-981-F-1
_z-- Enc. hol., conservando la cub. original
_z-- Enc. en un vol. facticio
999 _c163771
_d163771